000 00819nam a2200253Ia 4500
003 OSt
005 20220925223931.0
006 a|||||r|||| 00| 0
007 ta
008 220923b |||||||| |||| 00| 0 eng d
020 _a9780415841191
_c2618.6100000000001
037 _bP-808/15-16, 31/12/2015, Manohar Publishers & Distributors
_cGeneral Book
040 _aRTL
_cRTL
_beng
041 _2eng
_aeng
082 _aY:1, Q5
100 _aTAKACS Stacy
_9290532
245 0 _aInterrogating popular culture
_b Key questions
260 _aLondon
_bRoutledge
_c2015
300 _axi, 256p
_ccm.
500 _aBibliography: 251-280p.
650 _aSociology
942 _hY:1, Q5
_cGB
_2CC
999 _c580644
_d580644